Mayiladum Kunnu (Record no. 16003)
[ view plain ]
| 000 -LEADER | |
|---|---|
| fixed length control field | 00214nam a22000977a 4500 |
| 003 - CONTROL NUMBER IDENTIFIER | |
| control field | OSt |
| 008 - FIXED-LENGTH DATA ELEMENTS--GENERAL INFORMATION | |
| fixed length control field | 191025b ||||| |||| 00| 0 eng d |
| 100 ## - MAIN ENTRY--AUTHOR NAME | |
| Personal name | Varkey, Muttath. |
| 245 ## - TITLE STATEMENT | |
| Title | Mayiladum Kunnu |
| 942 ## - ADDED ENTRY ELEMENTS (KOHA) | |
| Koha item type | Books |
| Withdrawn status | Lost status | Damaged status | Home library | Current library | Date acquired | Cost, normal purchase price | Accession Number | Koha item type |
|---|---|---|---|---|---|---|---|---|
| Withdrawn | KAUAET | KAUAET | 25/10/2019 | 3.00 | 1095 | Books |
